<?xml version="1.0" encoding="UTF-8"?>
<record
    xmlns:xsi="http://www.w3.org/2001/XMLSchema-instance"
    xsi:schemaLocation="http://www.loc.gov/MARC21/slim http://www.loc.gov/standards/marcxml/schema/MARC21slim.xsd"
    xmlns="http://www.loc.gov/MARC21/slim">

  <leader>00695nam a22001457a 4500</leader>
  <datafield tag="999" ind1=" " ind2=" ">
    <subfield code="c">38532</subfield>
    <subfield code="d">38532</subfield>
  </datafield>
  <datafield tag="100" ind1=" " ind2=" ">
    <subfield code="a">Patinge, Yogesh Laxmanrao</subfield>
    <subfield code="u">Department of Commerce, Govindram Seksaria college of Commerce</subfield>
    <subfield code="v">Wardha</subfield>
  </datafield>
  <datafield tag="245" ind1=" " ind2=" ">
    <subfield code="a">A study of Customer Relationship management of Bank Of Maharashtra and its Impact on customer behaviour with special reference to Maharashtra state </subfield>
    <subfield code="c">/  Yogesh Laxmanrao</subfield>
  </datafield>
  <datafield tag="260" ind1=" " ind2=" ">
    <subfield code="a">Wardha, Maharashtra :</subfield>
    <subfield code="b">Indian council of social science research,</subfield>
    <subfield code="c">2018.</subfield>
  </datafield>
  <datafield tag="300" ind1=" " ind2=" ">
    <subfield code="a">150p.</subfield>
  </datafield>
  <datafield tag="500" ind1=" " ind2=" ">
    <subfield code="a">Includes bibliography and appendices.</subfield>
  </datafield>
  <datafield tag="536" ind1=" " ind2=" ">
    <subfield code="a">Indian council of social science research,</subfield>
  </datafield>
  <datafield tag="546" ind1=" " ind2=" ">
    <subfield code="a">English</subfield>
  </datafield>
  <datafield tag="650" ind1=" " ind2=" ">
    <subfield code="a">Customer relationship</subfield>
    <subfield code="x">Banking sector</subfield>
    <subfield code="z">Maharashtra </subfield>
  </datafield>
  <datafield tag="942" ind1=" " ind2=" ">
    <subfield code="2">ddc</subfield>
    <subfield code="c">RP</subfield>
  </datafield>
  <datafield tag="952" ind1=" " ind2=" ">
    <subfield code="0">0</subfield>
    <subfield code="1">0</subfield>
    <subfield code="4">0</subfield>
    <subfield code="7">1</subfield>
    <subfield code="8">MRP</subfield>
    <subfield code="a">NASSDOC</subfield>
    <subfield code="b">NASSDOC</subfield>
    <subfield code="d">2023-07-05</subfield>
    <subfield code="e">Research Report Division</subfield>
    <subfield code="l">0</subfield>
    <subfield code="o">RP.0377</subfield>
    <subfield code="p">53771</subfield>
    <subfield code="r">2023-07-05 00:00:00</subfield>
    <subfield code="w">2023-07-05</subfield>
    <subfield code="y">RP</subfield>
  </datafield>
</record>
